000 00679nam a22001577a 4500
003 OSt
005 20151004100704.0
008 151004b xxu||||| |||| 00| 0 eng d
040 _cRUA
082 _aAGR ម៉ៅ 1995 B012 Or.1
100 _91983
_aម៉ៅ,​ សិទ្ធ
245 _aសត្វល្អិតបំផ្លាញអង្ករក្នុងឃ្លាំងស្តុកទុកផលិតផលនៃព្រះរាជា​​​​​​​​​​​​​​​​​​​​​​​​​​​​​​ណាចក្រកម្ពុជា
260 _aPhnom Penh
_bRUA
_c1995
300 _a41p.
_bill.
_c29cm.
942 _2ddc
_cAGR
999 _c1874
_d1874